Teora̕s normativas de la ciencia y de la dogmt̀ica jurd̕icas

Bibliographic Details
Main Author: Nę︢z Vaquero, ℓlvaro
Format: eBook
Language:Spanish
Published: Lima: Palestra Editores, 2017
Subjects:
Online Access:Acceso restringido

MARC

LEADER 00000nam a22000007a 4500
005 20190828021648.0
007 cr|||| ||||
008 190828s2017 pe |||||s|||| 00||0 spa d
020 |a 978-612-4218-76-7 
035 |a 24222 
040 |a vLex 
090 |c 9298  |d 9298 
100 1 |a Nę︢z Vaquero, ℓlvaro 
245 1 0 |a Teora̕s normativas de la ciencia y de la dogmt̀ica jurd̕icas  |h [Recurso electrn̤ico] /  |c ℓlvaro Nę︢z Vaquero 
256 |a Servicio en ln̕ea 
260 |a Lima:  |b Palestra Editores,  |c 2017 
300 |a 1 recurso electrn̤ico 
506 1 |a Disponible solo en los productos indicados  |d vLex Global  |d vLex Global (Academic Edition, excluding Law Schools)  |d vLex Global (U.S. Academic Edition, Law Schools)  |d vLex Global (U.S. Academic Edition, excluding Law Schools)  |d vLex Global (Academic Edition, Law Schools) 
650 0 4 |a Derecho Constitucional  |z Per︢ 
740 0 |a vLex Libros (Servicio en ln̕ea) 
856 4 0 |u http://vlex.com/source/teorias-normativas-ciencia-dogmatica-juridicas-24222  |z Acceso restringido 
942 |c BOOK 
999 0 |a Constitutional right